| 000 | 01079nam0a2200301 i 4500 | ||
|---|---|---|---|
| 001 | RU\NLR\BIBL_A\010653382 | ||
| 005 | 20260405072759.0 | ||
| 010 | _a9785413012420 | ||
| 021 |
_aRU _b2014-88440 _95381 |
||
| 035 | _a(NILC)RuMoRGB-007830421 | ||
| 035 | _a(NLR Aleph) 010653382 | ||
| 090 |
_a10714507 _c10714507 |
||
| 100 | _a20150126d2014 m y0rusy50 ca | ||
| 101 | 1 |
_arus _cund |
|
| 102 | _aRU | ||
| 105 | _ay|||z|||000yy | ||
| 200 | 1 |
_aОсновы духовной жизни _e(цикл лекций) _e[для лиц старше 16 лет] _fЭ. Кришнамачарья _g[пер. Вик Спаров] |
|
| 210 |
_aМосква _cАмрита-Русь _d2014 |
||
| 215 |
_a254, [1] с. _d17 |
||
| 606 | 1 |
_aЙога _91123715 _3RU\NLR\AUTH\66125824 |
|
| 686 | 2 | _aЭ331-4-340.2 | |
| 700 | 1 |
_8rus _7ca _aКришнамачарья _bК.Э. _f1926- _gКулапати Эккирала _3RU\NLR\AUTH\7725251 _98300 |
|
| 801 | 0 |
_aRU _bРГБ _c20141128 _gRCR |
|
| 942 | _cBOOK | ||
| 980 | _aNBR | ||